01473nam a2200421 i 450000100060000000300080000600500170001400600190003100700150005000800410006502000270010603500210013304000310015405000200018508000080020508200150021310000270022824501190025526400470037430000410042133600310046233700330049333800430052649000340056950000230060350400290062658801230065565000150077865000170079365000210081065000240083165000220085565000310087765500270090870000180093583000350095385600630098885726FlNmELB20241217171421.0m o d | cr cnu||||||||170508s2017 ag ob 001 0 spa d a9789508089489 (e-book) a(OCoLC)991973601 aFINmELBbspaerdacFINmELB 4aHQ31bF162 2017 a6130 a613.962231 aFainsod, Paula Yamila.10aEducación para la salud y género :bescenas del currículum en acción /cPaula Yamila Fainsod, Marta Busca. 1aRosario :bHomo Sapiens Ediciones,c[2017] a1 recurso en línea (170 páginas) atextobtxt2rdacontent/spa acomputadorabc2rdamedia/spa arecurso en líneabcr2rdacarrier/spa1 aColección La lupa de la ESI aContiene índice. aContiene bibliografía. aDescripción basada en recurso en línea; Título de la página del título en PDF (e-libro, visto May 08, 2017). 0aEducation. 4aEducación. 0aSex instruction. 4aEducación sexual. 0aHealth education. 4aEducación para la salud. 4aLibros electrónicos.1 aBusca, Marta. 0aColección La lupa de la ESI.40uhttps://elibro.net/ereader/politecnicointernacional/101554